000 00982cam a2200301 4500
001 J83180
008 090401t1997 xxu||||| |||| 00| 0 eng d
035 _a(Sirsi) u77549
041 _aeng
050 _a336.39
110 _aHillier Parker
_92054
245 _aLocal authorities and the PFI - making it work.
260 _aLondon
_bHillier Parker
_c1997
300 _a8p. ; 30cm.
350 _a0
490 _aHillier Parker Occasional Paper
_v15
520 _aA Hillier Parker and DJ Freeman briefing examining the key property and legal issues concerned with the sucessful introduction of Design, Build, Finance and Operation to local government.
650 _aDBFO
650 _aDESIGN BUILD FINANCE OPERATE
650 _aLOCAL AUTHORITIES
650 _aLOCAL GOVERNMENT
650 _aPFI
650 _aPRIVATE FINANCE INITIATIVE
690 _aPROPERTY-PROPERTY FINANCE AND INVESTMENT
710 _aD. J. Freeman
_9794
942 _n0
948 _c03/04/1997
999 _c96320
_d96320